In Its Final Stages? A Reply to Lapsey and Serlin (Record no. 512620)

000 -CABECERA
Campo de control de longitud fija 00496nab a2200157Ia 4500
003 - IDENTIFICADOR DEL NÚMERO DE CONTROL
Campo de control ES-SlBCS
005 - FECHA Y HORA DE LA ÚLTIMA TRANSACCIÓN
Campo de control 20210601124313.0
008 - CÓDIGOS DE INFORMACIÓN DE LONGITUD FIJA
Campo de control de longitud fija 140529s1984 xxu||||| |||| 00| 0 eng d
041 ## - CÓDIGO DE LENGUA
Código de lengua del texto/banda sonora o título independiente eng
100 1# - PUNTO DE ACCESO PRINCIPAL-NOMBRE DE PERSONA
Nombre de persona Philips, D. C.
9 (RLIN) 139282
245 00 - MENCIÓN DE TÍTULO
Título In Its Final Stages? A Reply to Lapsey and Serlin
Mención de responsabilidad, etc. D. C. Philips, Jennie Nicolayev
650 04 - PUNTO DE ACCESO ADICIONAL DE MATERIA-TÉRMINO DE MATERIA
Término de materia o nombre geográfico como elemento inicial Kolhberg
9 (RLIN) 139310
700 1# - PUNTO DE ACCESO ADICIONAL-NOMBRE DE PERSONA
Nombre de persona Nicolayev, Jennie
9 (RLIN) 139311
773 0# - ENLACE AL DOCUMENTO FUENTE
Título Educational Theory
Parte(s) relacionada(s) vol. 34, nº. 2, 1984, págs. 171-174
Número de control del registro relacionado Rev1399
942 ## - ENTRADA DE ELEMENTOS AGREGADOS (KOHA)
Koha [por defecto] tipo de item Artículos de revista
Holdings
Suprimido Perdido Estropeado No para préstamo Localización permanente Localización actual Localización en estantería Fecha adquisición Préstamos totales Fecha última consulta Fecha del precio de reemplazo Tipo de item de Koha
        San Esteban San Esteban Depósito de revistas 11/07/2014   11/07/2014 11/07/2014 Artículos de revista

Bibliotecas Dominicos Provincia Hispania, 2016

Con tecnología Koha